00326nam a2200121Ia 4500008004100000041000800041082000800049100002300057245006800080260003200148300000800180520001600188221007s9999 xx 000 0 und d aeng bKUM aKumari S (2K51048) aTraining and Development of Staff at State Bank Learning Center c2007bPune UniversityaPune a68p aAbhyankar S